| 000 | 00601cam a2200193 a 4500 | ||
|---|---|---|---|
| 001 | 000004244 | ||
| 005 | 20200929151421.0 | ||
| 008 | 930929s1973 nyu 001 0 eng | ||
| 040 |
_aDO-SdBNP _cInNd _dUk _dDLC |
||
| 082 |
_a794.1 _bE92n |
||
| 100 | 1 |
_aEvans, Larry. _912543 |
|
| 245 | 1 | 0 |
_aNew ideas in chess / _cLarry Evans. |
| 260 |
_aNew York : _bCornestone Library, _c1973. |
||
| 300 |
_a185 p. : _bil. ; _c21 cm. |
||
| 504 | _aIncluye referencias Bibliografías: (p. 182) | ||
| 650 | 4 |
_aAjedrez _912544 |
|
| 650 | 4 |
_aAjedres _xEstrategias y tácticas _912545 |
|
| 910 | _aCatalogación por copia / LC | ||
| 999 |
_c4058 _d4058 |
||